000 00548nam a2200217Ia 4500
003 OSt
005 20220928140752.0
006 a|||||r|||| 00| 0
007 ta
008 220927b |||||||| |||| 00| 0 eng d
024 _a11722
037 _cTextual
040 _aSDCL
_cSDCL
_beng
041 _2eng
_aeng
082 _aO-,3M85:g, K9
100 _aCura-Sazdanic Ileana
_9497555
245 0 _aD H Lawrence as critic.
260 _c1969
942 _hO-,3M85:g, K9
_cTEXL
_2CC
999 _c814140
_d814140